00447 2200169 4500001002100000005001500021008004100036020002200077035001900099041000700118082001100125090001700136100001900153245003500172260005000207300002000257INLIS00000000002159220241224131106241224||||||||| | ||| |||| || |  a978-602-257-498-9 0010-1224021592 aid0 a297.63 a297.63 NEL t0 aNelfi Syafrina00aTEKA-TEKI SHALAHUDDIN AL-AYUBI aSolobPT Tiga Serangkai Pustaka Mandiric2014 a24 hlm.;26,5 cm